Puntos de especial dificultad en Derecho matrimonial cann̤ico, sustantivo y procesal

Bibliographic Details
Main Author: Rodrg̕uez Chacn̤, Rafael
Format: Unknown
Language:Spanish
Published: Madrid: Dykinson, 2008
Subjects:
Online Access:Acceso restringido

MARC

LEADER 00000ny a22000003n 4500
005 20110606130649.0
008 080508t2008 sp s 000 0 spa c
020 |a 8498491584 
035 |a 2212 
040 |a UMA.RE  |d vLex 
080 |a 348.6:347.62(460)(0.034) 
080 |a 348.71(460)(0.034) 
090 |c 488  |d 488 
100 1 |a Rodrg̕uez Chacn̤, Rafael 
245 1 0 |a Puntos de especial dificultad en Derecho matrimonial cann̤ico, sustantivo y procesal  |h [Recurso electrn̤ico]  |c Rafael Rodrg̕uez Chacn̤ 
256 |a Servicio en ln̕ea 
260 |a Madrid:  |b Dykinson,  |c 2008 
506 1 |a Contenido solo disponible en los productos indicados  |d vLex Global  |d vLex Global (Academic Edition, excluding Law Schools)  |d vLex Global (U.S. Academic Edition, Law Schools)  |d vLex Global (U.S. Academic Edition, excluding Law Schools)  |d vLex Global (Academic Edition, Law Schools) 
650 0 7 |a Matrimonio  |2 Tesauro vLex 
650 0 7 |a Familia  |2 Tesauro vLex 
740 0 |a vLex Libros (Servicios en ln̕ea) 
856 4 0 |u http://vlex.com/source/2212  |z Acceso restringido 
942 |c BOOK 
999 0 |a Marriage  |b Madrid